000 00975nam a2200241 a 4500
001 83290
003 BD-RjUL
005 20240311101038.0
008 240311s2007 bg a|||| m||| 00| 0 eng d
035 _a(BD-RjUL)83290
040 _aBD-RjUL
_beng
_cBD-RjUL
_dBD-RjUL
041 _aeng
082 _223
_a351.5492
_bBIA 2007
100 _aBiswas, Subhas Chandra
_912185
245 1 0 _aAccountability of Urban Governance in Bangladesh :
_bInstitutional Practices and Choices /
_cResearcher Subhas Chandra Biswas ;
_6Supervisor : Md. Moksuder Rahman
260 _aRajshahi :
_bInstitute of Bangladesh Studies, University of Rajshahi,
_c2007
300 _axxvi, 308 Leaves :
_bill, ;
_c29 cm.
502 _aThesis (Ph. D.) -- Institute of Bangladesh Studies, University of Rajshahi, 2007
504 _aBibliography : Leaves [267]-298
650 _aPublic Administration
_vAccountability
_zBangladesh
_912186
700 _aRahman, Md. Moksuder, Supervisor
_91240
942 _2ddc
_cTHE
999 _c83290
_d83290